[Event "ch-FRA"]
[Site "Val d'Isere FRA"]
[Date "2002.08.22"]
[Round "4"]
[White "Degraeve,JM"]
[Black "Lautier,J"]
[Result "1-0"]
[WhiteElo "2586"]
[BlackElo "2663"]

1.e4 c5 2.c3 Nf6 3.e5 Nd5 4.Nf3 Nc6 5.Bc4 Nb6 6.Bb3 d5 7.exd6 Qxd6 8.O-O Be6
9.Na3 Bxb3 10.Qxb3 e6 11.d4 cxd4 12.Nb5 Qd7 13.Nbxd4 Nxd4 14.Nxd4 Be7 15.Rd1 O-O
16.Be3 Qc8 17.Nb5 Bc5 18.Bxc5 Qxc5 19.Nd6 Qc6 20.Qb5 Qxb5 21.Nxb5 a6 22.Nd6 Na4
23.Rd2 Rfd8 24.Rad1 b5 25.c4 Kf8 26.cxb5 axb5 27.Nxb5 Rxd2 28.Rxd2 Rb8 29.Nd4 Rxb2
30.Rxb2 Nxb2 31.Nc6 Ke8 32.Kf1 f6 33.Ke2 Kd7 34.Nb4 Kd6 35.Kd2 Na4 36.Kc2 e5
37.Kb3 Nc5+ 38.Kc4 f5 39.Nd3 Na4 40.Kb4 Nb6 41.a4 e4 42.Ne1 Kd5 43.a5 Nc8
44.Nc2 f4 45.Kc3 Nd6 46.Nd4 Nc8 47.Nb5 Kc6 48.Kc4 g5 49.g4 fxg3 50.fxg3 h5
51.Nd4+ Kd6 52.Nb5+ Ke5 53.a6 h4 54.Nd4 hxg3 55.hxg3 Na7 56.Nc2 Nc8 57.Ne3 Na7
58.Kc5 Nc8 59.Nc4+ Ke6 60.g4 Kd7 61.Kd5 Kc7 62.Kxe4 Ne7 63.Ke5 Ng8 64.a7 Kb7
65.Nd6+ Kxa7 66.Nf5  1-0

[Event "VI BCX"]
[Site "Brasilia BRA"]
[Date "2002.08.25"]
[Round "1"]
[White "De Andrade,W"]
[Black "Coelho,L"]
[Result "1/2-1/2"]
[WhiteElo "2175"]
[BlackElo "2352"]

1.e4 c5 2.c3 Nf6 3.e5 Nd5 4.d4 cxd4 5.Nf3 Nc6 6.cxd4 d6 7.Nc3 dxe5 8.dxe5 Nxc3
9.Qxd8+ Nxd8 10.bxc3 Bd7 11.Be3 e6 12.Be2 a6 13.O-O Rc8 14.c4 Bc5 15.Bf4 f5
16.exf6 gxf6 17.Nd2 e5 18.Bh6 Ke7 19.Ne4 Bd4 20.Bg7 Rg8 21.Bxf6+ Ke6 22.c5 Rg6
23.Bc4+ Kf5 24.Bxd8 Bxa1 25.Nd6+ Rxd6 26.cxd6 Rxd8 27.Rxa1 Be6 28.g4+ Kf6
29.Bxe6 Kxe6 30.Rb1 b5 31.a4 bxa4 32.Rb4 Rxd6 33.Rxa4 Kd5 34.Kg2 Kc5 35.Ra5+ Kd4
36.f3 Re6 37.Kg3 h6  1/2-1/2

[Event "WY ol"]
[Site "Kuala Lumpur MAS"]
[Date "2002.08.25"]
[Round "6"]
[White "Megaranto,S"]
[Black "Deepan,C"]
[Result "1-0"]
[WhiteElo "2364"]
[BlackElo "2310"]

1.e4 c5 2.c3 Nf6 3.e5 Nd5 4.d4 cxd4 5.Nf3 Nc6 6.Bc4 Nb6 7.Bb3 e6 8.cxd4 d6
9.O-O dxe5 10.dxe5 Qxd1 11.Rxd1 Nd7 12.Nc3 a6 13.Bf4 Nc5 14.Bc2 Nb4 15.Bb1 Nc6
16.Bc2 Nb4 17.Rac1 Bd7 18.Bb1 Bc6 19.Nd4 Nd5 20.Nxc6 Nxf4 21.Nd4 Be7 22.g3 Ng6
23.f4 Rd8 24.h4 O-O 25.h5 Nh8 26.b4 Nd7 27.a3 g6 28.Ba2 Nb8 29.h6 Rd7 30.Kf2 Rfd8
31.Ke3 g5 32.f5 g4 33.f6 Bf8 34.Nxe6 Re8 35.Nf4 Bxh6 36.Ne4 Rxd1 37.Rxd1 Nc6
38.Rh1 Bxf4+ 39.gxf4 Nxe5 40.fxe5 Rxe5 41.Rd1 h5 42.Rd5 Ng6 43.Rxe5 Nxe5
44.Kf4 h4 45.Kxe5  1-0

[Event "XIV Open"]
[Site "Porto San Giorgio ITA"]
[Date "2002.08.25"]
[Round "6"]
[White "Foglia,M"]
[Black "Friedrich,N"]
[Result "0-1"]
[WhiteElo "2129"]
[BlackElo "2296"]

1.e4 c5 2.c3 Nf6 3.e5 Nd5 4.d4 cxd4 5.cxd4 e6 6.Nc3 Nxc3 7.bxc3 d6 8.Nf3 Qc7
9.Bd2 Nd7 10.exd6 Bxd6 11.Bd3 b6 12.O-O Bb7 13.h3 O-O 14.c4 Rfe8 15.Re1 Rac8
16.Bc1 e5 17.d5 e4 18.Rxe4 Rxe4 19.Bxe4 Qxc4 20.Bf5 Rc7 21.Be3 Nf6 22.Bg5 Nxd5
23.Rc1 Qb4 24.Rb1 Qc5 25.Rc1 Qa3 26.Rb1 Nc3 27.Bc1 Qc5 28.Ba3 Qxa3 29.Bxh7+ Kf8  0-1

[Event "22nd Open"]
[Site "Bratto ITA"]
[Date "2002.08.27"]
[Round "8"]
[White "Guido,F"]
[Black "Belotti,B"]
[Result "0-1"]
[WhiteElo "2327"]
[BlackElo "2430"]

1.e4 c5 2.c3 Nf6 3.e5 Nd5 4.d4 cxd4 5.Nf3 e6 6.cxd4 b6 7.Bd3 Bb4+ 8.Bd2 Bxd2+
9.Qxd2 Ba6 10.Be4 Nc6 11.Bxd5 exd5 12.Nc3 Rc8 13.Nxd5 d6 14.Nb4 Nxb4 15.Qxb4 O-O
16.Qa3 Bb5 17.Qxd6 Rc2 18.Qxd8 Rxd8 19.a4 Ba6 20.a5 Bb5 21.axb6 axb6 22.b3 Re2+
23.Kd1 Rxf2 24.Re1 Rxg2 25.Rc1 h6 26.Re3 Bd7 27.Rc2 Bh3 28.Kc1 Rg4 29.Rc6 Rf4
30.Rxb6 Bg4 31.Nd2 Rdxd4 32.Rd6 Rb4 33.Kc2 Be6 34.Kc3 Rb5 35.Nc4 Rh4 36.Rd2 g5
37.Ree2 Rxb3+ 38.Kxb3 Bxc4+ 39.Kc3 Bxe2 40.Rxe2 Kf8 41.e6 fxe6 42.Rxe6 Rxh2
43.Kd3 Kg7 44.Ke3 Rh4 45.Kf3 Rf4+ 46.Kg3 Rf6 47.Re5 Kg6 48.Ra5 Rb6 49.Ra3 h5
50.Rc3 h4+ 51.Kh3 Kh5 52.Rc5 Rb3+ 53.Kh2 Re3 54.Rc4 Re2+ 55.Kg1 h3 56.Ra4 g4
57.Ra3 Kg5 58.Rb3 Kf4 59.Ra3 g3 60.Ra4+ Kf3 61.Ra3+ Re3 62.Ra1 h2+ 63.Kh1 Kg4  0-1

[Event "WY ol"]
[Site "Kuala Lumpur MAS"]
[Date "2002.08.27"]
[Round "10"]
[White "Megaranto,S"]
[Black "Akbarinia,S"]
[Result "1-0"]
[WhiteElo "2364"]
[BlackElo "2257"]

1.e4 c5 2.c3 Nf6 3.e5 Nd5 4.d4 cxd4 5.Nf3 Nc6 6.Bc4 Nb6 7.Bb3 d5 8.exd6 Qxd6
9.cxd4 Be6 10.O-O Bd5 11.Nc3 e6 12.Be3 Be7 13.Rc1 O-O 14.Bxd5 exd5 15.b3 Bf6
16.Qd2 Qb4 17.Rfd1 Rac8 18.Bg5 Bxg5 19.Qxg5 h6 20.Qg4 Ne7 21.Nb1 Qa5 22.a3 Qb5
23.Nbd2 Rxc1 24.Rxc1 Qa6 25.a4 Rc8 26.Re1 Ng6 27.h4 Rc6 28.Re8+ Nf8 29.Ne5 Rf6
30.Ndf3 Qa5 31.Rb8 Qc3 32.Rxb7 Qxb3 33.a5 Qd1+ 34.Kh2 Nc4 35.Nxf7 Rg6 36.Qf5 Kh7
37.h5  1-0

[Event "ch-RUS"]
[Site "Krasnodar RUS"]
[Date "2002.08.28"]
[Round "2"]
[White "Alikhanov,F"]
[Black "Namgilov,S"]
[Result "0-1"]
[WhiteElo "2364"]
[BlackElo "2477"]

1.e4 c5 2.c3 Nf6 3.e5 Nd5 4.Nf3 e6 5.Bc4 d6 6.d4 cxd4 7.cxd4 Nc6 8.O-O Be7
9.Qe2 O-O 10.Re1 dxe5 11.dxe5 b6 12.Qe4 Bb7 13.Qg4 Re8 14.Nc3 Nxc3 15.bxc3 Qc7
16.Bh6 Bf8 17.Bd3 Ne7 18.Bd2 Bxf3 19.Qxf3 Ng6 20.Qh5 Bc5 21.Be3 Rad8 22.Bb5 Rf8
23.Rad1 Rxd1 24.Qxd1 Qxe5 25.Bxc5 Qxc5 26.c4 Qc7 27.Qf3 Rd8 28.g3 Ne7 29.h4 Nf5
30.Rd1 Rxd1+ 31.Qxd1 g6 32.h5 Qd6 33.Qf3 Kg7 34.g4 Nd4 35.h6+ Kxh6 36.Qxf7 Ne2+
37.Kf1 Nf4 38.Ke1 Kg5 39.f3 Kh4 40.Qxh7+ Kg3 41.Qh1 Qd4  0-1

[Event "ch-FRA w"]
[Site "Val d'Isere FRA"]
[Date "2002.08.28"]
[Round "9"]
[White "Dubois,M"]
[Black "Muller,A"]
[Result "0-1"]
[WhiteElo "2049"]
[BlackElo "2169"]

1.e4 c5 2.c3 Nf6 3.e5 Nd5 4.d4 cxd4 5.Nf3 Nc6 6.cxd4 d6 7.Bc4 Nb6 8.Bb3 d5
9.Nh4 g6 10.O-O Bg7 11.f4 e6 12.Nf3 h5 13.Nc3 a6 14.a4 Bd7 15.Be3 Na5 16.Bc2 Nbc4
17.Bc1 Rc8 18.Qe1 Nc6 19.Qg3 Ne7 20.Nh4 O-O 21.b3 Na5 22.Ba3 Nac6 23.Rad1 Re8
24.Rf3 Qb6 25.Bc5 Qd8 26.Qh3 b6 27.Ba3 Rc7 28.Rg3 Bc8 29.Bd6 Ra7 30.b4 Rd7
31.Ne2 Rxd6 32.exd6 Qxd6 33.Nxg6 fxg6 34.Bxg6 Nxg6 35.Rxg6 Ne7 36.Rg5 Qxb4
37.Qxh5 Qxa4 38.Rd3 Nf5 39.g4 Re7 40.gxf5 exf5 41.Rdg3 a5 42.Rh3 Kf8 43.Kf2 Bxd4+
44.Nxd4 Qxd4+ 45.Kg2 Qd2+ 46.Kg3 Qe1+ 47.Kf3 Qf1+ 48.Kg3 Re3+ 49.Kh4 Qxh3+  0-1

[Event "New York State-ch"]
[Site "Kerhonkson USA"]
[Date "2002.08.31"]
[Round "2"]
[White "Kantor,A"]
[Black "Pixton,A"]
[Result "0-1"]
[WhiteElo "2176"]
[BlackElo "2432"]

1.e4 c5 2.c3 Nf6 3.e5 Nd5 4.Nf3 d6 5.d4 cxd4 6.Bc4 Nb6 7.Bb3 d5 8.cxd4 Bg4
9.O-O e6 10.Be3 Be7 11.Nbd2 Nc6 12.Re1 a5 13.a3 O-O 14.Rc1 Qd7 15.Nf1 a4
16.Ba2 Na5 17.N1d2 Qb5 18.h3 Bf5 19.Bb1 Bxb1 20.Rxb1 Rfc8 21.b4 Nac4 22.Ra1 Rc7
23.Nxc4 dxc4 24.Qc2 c3 25.Rec1 Nd5 26.Ne1 f6 27.Nd3 Qc4 28.exf6 Bxf6 29.Nc5 b6
30.Qd3 Rxc5  0-1

[Event "ch-RUS"]
[Site "Krasnodar RUS"]
[Date "2002.08.31"]
[Round "5"]
[White "Turov,M"]
[Black "Popov,Val"]
[Result "1/2-1/2"]
[WhiteElo "2518"]
[BlackElo "2579"]

1.e4 c5 2.c3 Nf6 3.e5 Nd5 4.Nf3 e6 5.Bc4 d6 6.d4 cxd4 7.cxd4 Nb6 8.Bd3 Bd7
9.Nc3 Bc6 10.O-O Be7 11.Qe2 O-O 12.Re1 dxe5 13.dxe5 Nd5 14.Nd4 Nxc3 15.bxc3 g6
16.Rb1 Qc7 17.Qg4 Bd7 18.Bh6 Rc8 19.c4 Nc6 20.Nb5 Qa5 21.Bg5  1/2-1/2

[Event "GP"]
[Site "Izmir TUR"]
[Date "2002.09.03"]
[Round "7"]
[White "Dogantug,I"]
[Black "Vasilev,M"]
[Result "0-1"]
[WhiteElo "2175"]
[BlackElo "2449"]

1.e4 c5 2.c3 Nf6 3.e5 Nd5 4.d4 e6 5.Nf3 cxd4 6.cxd4 Nc6 7.Nc3 Nxc3 8.bxc3 d6
9.Bd3 dxe5 10.dxe5 Qc7 11.Qe2 Be7 12.O-O b6 13.Bf4 Bb7 14.Rfe1 O-O-O 15.Ba6 Rd5
16.h3 h6 17.Rac1 g5 18.Bg3 Bxa6 19.Qxa6+ Qb7 20.Qe2 Rhd8 21.Qe4 Kb8 22.h4 Qc7
23.hxg5 hxg5 24.Qh7 g4 25.Nh2 Bg5 26.Rb1 Bd2 27.Re2 Bxc3 28.Nxg4 Nd4 29.Re4 Nf5
30.Bf4 Bd4 31.Rbe1 Ra5 32.R4e2 Ra4 33.g3 Bc5 34.Nh6 Nd4 35.Re3 Rd7 36.Rc1 Rxa2
37.Ng8 Ne2+ 38.Rxe2 Rxe2 39.Rf1 Bxf2+ 40.Rxf2 Qc5  0-1

[Event "TCh-CRO"]
[Site "Medulin CRO"]
[Date "2002.09.11"]
[Round "3"]
[White "Sermek,D"]
[Black "Fedorov,Alex"]
[Result "1/2-1/2"]
[WhiteElo "2603"]
[BlackElo "2598"]

1.e4 c5 2.c3 Nf6 3.e5 Nd5 4.Nf3 Nc6 5.Bc4 Nb6 6.Bb3 c4 7.Bc2 Qc7 8.Qe2 g5
9.h3 Bg7 10.O-O g4 11.hxg4 Nxe5 12.Re1 d6 13.Nxe5 Bxe5 14.d4 cxd3 15.Bxd3 h6
16.Bb5+ Bd7 17.Bf4 Bxb5 18.Qxb5+ Qd7 19.Qxd7+ Nxd7 20.Be3  1/2-1/2

[Event "Kaissa I"]
[Site "Alushta UKR"]
[Date "2002.09.12"]
[Round "16"]
[White "Kalygin,S"]
[Black "Konstantinov,Alexa"]
[Result "1/2-1/2"]
[WhiteElo "2468"]
[BlackElo "2410"]

1.e4 c5 2.c3 Nf6 3.e5 Nd5 4.d4 cxd4 5.Nf3 d6 6.cxd4 Nc6 7.Bc4 Nb6 8.Bb5 dxe5
9.Nxe5 Bd7 10.Nxc6 Bxc6 11.Bxc6+ bxc6 12.O-O e6 13.Qe2 h5 14.Qe4 Qd5 15.Nc3  1/2-1/2

[Event "TCh-CRO"]
[Site "Medulin CRO"]
[Date "2002.09.15"]
[Round "7"]
[White "Sermek,D"]
[Black "Stevic,H"]
[Result "0-1"]
[WhiteElo "2603"]
[BlackElo "2527"]

1.e4 c5 2.c3 Nf6 3.e5 Nd5 4.Nf3 Nc6 5.Bc4 e6 6.d4 cxd4 7.cxd4 d6 8.O-O Be7
9.Qe2 O-O 10.Qe4 Qc7 11.Re1 a6 12.Ng5 Bxg5 13.Bxg5 dxe5 14.dxe5 Nde7 15.Nd2 Ng6
16.Nf3 b5 17.Bb3 Bb7 18.Rac1 Rac8 19.h4 Qb8 20.Qe3 Ncxe5 21.Rxc8 Nxf3+ 22.gxf3 Rxc8
23.h5 Nf8 24.h6 Qd6 25.Rd1 Qc5 26.hxg7 Kxg7 27.Bh6+ Kg8 28.Rd4 Bxf3 29.Bxf8 Qh5
30.Qh6 Rc1+ 31.Bd1 Rxd1+ 32.Rxd1 Qxh6 33.Bxh6 Bxd1 34.Kg2 f6 35.Kg3 Kf7 36.a3 Kg6
37.Bd2 Kf5 38.Ba5 e5 39.Bc7 h5 40.Bd8 Kg5 41.Be7 h4+ 42.Kg2 Bg4 43.Bd8 Kf5
44.Be7 Ke6 45.Bd8 h3+ 46.Kg3 f5 47.Bc7 f4+ 48.Kh2 Kf5 49.Bb6 e4 50.Ba7 e3
51.fxe3 f3 52.Bb6 Ke4 53.Kg3 Kd3 54.e4 Ke2  0-1

[Event "Autumn I"]
[Site "Alushta UKR"]
[Date "2002.09.16"]
[Round "3"]
[White "Erenburg,S"]
[Black "Yagupov,I"]
[Result "1-0"]
[WhiteElo "2475"]
[BlackElo "2460"]

1.e4 c5 2.c3 Nf6 3.e5 Nd5 4.d4 cxd4 5.Nf3 e6 6.cxd4 d6 7.Bc4 Nc6 8.O-O Be7
9.Qe2 O-O 10.Qe4 Bd7 11.Bd3 f5 12.exf6 Nxf6 13.Qe2 Qa5 14.Nc3 Qh5 15.Bf4 Nd5
16.Nxd5 exd5 17.Qd2 g5 18.Be3 Rxf3 19.gxf3 Bh3 20.Be2 Bxf1 21.Rxf1 Qh4 22.Kh1 Kh8
23.Rg1 Rg8 24.Qd3 Rf8 25.Rg4 Qh3 26.Qb3 Rxf3 27.Rg2 Rf8 28.Bg4 Qh4 29.Qxb7 h5
30.Bd1 Qe4 31.Qxc6 h4 32.Qc2 Qe6 33.Bg4 Qf6 34.h3  1-0

[Event "FSIMB Sept"]
[Site "Budapest HUN"]
[Date "2002.09.18"]
[Round "12"]
[White "Richards,H"]
[Black "Gonda,L"]
[Result "0-1"]
[WhiteElo "2275"]
[BlackElo "2309"]

1.e4 c5 2.c3 Nf6 3.e5 Nd5 4.Nf3 Nc6 5.Bc4 Nb6 6.Bb3 d5 7.exd6 Qxd6 8.O-O Be6
9.Na3 Bxb3 10.axb3 Qd3 11.Re1 e6 12.Re3 Qd7 13.d4 cxd4 14.Rd3 Bxa3 15.bxa3 Rd8
16.Nxd4 e5 17.Qe1 O-O 18.Nxc6 Qxd3 19.Nxd8 Rxd8 20.Be3 Qc2 21.Bxb6 axb6 22.h3 f6
23.b4 h6 24.Qe3 Rd6 25.Rc1 Qb3 26.f4 exf4 27.Qxf4 Re6 28.Qf5 Re7 29.Qc8+ Kf7
30.Rf1 b5 31.Qc5 Qc4 32.Rf5 Qe2 33.Qxb5 Qe3+ 34.Kh2 Qxc3 35.Qd5+ Kg6 36.Qc5 Qe1
37.Rf3 Qe5+ 38.Rg3+ Kf7 39.Qc4+ Kf8 40.Qc8+ Kf7 41.Qc4+ Re6 42.Qg4 f5 43.Qf3 g5
44.Qxb7+ Kg6 45.Qc8 Kh5 46.Qc5 Qf4 47.Qd5 Re3 48.Qf7+ Kh4 49.Kg1 Re1+  0-1

[Event "Autumn I"]
[Site "Alushta UKR"]
[Date "2002.09.20"]
[Round "8"]
[White "Erenburg,S"]
[Black "Selin,O"]
[Result "1-0"]
[WhiteElo "2475"]
[BlackElo "2432"]

1.e4 c5 2.c3 Nf6 3.e5 Nd5 4.d4 cxd4 5.Nf3 Nc6 6.Bc4 Nb6 7.Bb3 d5 8.exd6 Qxd6
9.O-O Be6 10.Bxe6 Qxe6 11.Nxd4 Nxd4 12.Qxd4 Rd8 13.Qh4 Qe2 14.Bd2 Rxd2 15.Nxd2 Qxd2
16.Rfd1 Qxb2 17.a4 f6 18.a5 Qxc3 19.axb6 axb6 20.Qh5+ g6 21.Qd5 Qc8 22.Rdc1  1-0

[Event "ECC"]
[Site "Halkidiki GRE"]
[Date "2002.09.22"]
[Round "1"]
[White "Penttinen,J"]
[Black "Timoshenko,G"]
[Result "0-1"]
[WhiteElo "2366"]
[BlackElo "2528"]

1.e4 c5 2.c3 Nf6 3.e5 Nd5 4.d4 cxd4 5.Nf3 Nc6 6.Bc4 Nb6 7.Bb3 d5 8.exd6 Qxd6
9.Na3 dxc3 10.Qe2 Bf5 11.Nb5 Qd7 12.Ne5 Nxe5 13.Qxe5 Rc8 14.Nxa7 f6 15.Qa5 cxb2
16.Bxb2 Nc4 17.Qc3 Nxb2 18.Nxc8 Nd3+ 19.Kf1 Qxc8 20.Ba4+ Kf7 21.Bb3+ Kg6
22.Qxc8 Bxc8 23.Bc2 Bf5 24.g4 Be4 25.f3 Bxf3 26.Bxd3+ Kg5 27.Rg1 e5 28.Rc1 Bc6
29.Kf2 e4 30.Be2 Bd6 31.h4+ Kxh4 32.Rh1+ Kg5 33.Rh5+ Kg6 34.Ke3 Be5 35.Bc4 Rd8
36.Rf1 h6 37.Rg1 Bd4+ 38.Ke2 Bd7 39.Rh4 Kg5 40.Rh5+ Kf4 41.Rf1+ Kg3 42.Rhf5 g6
43.Rd1 Bxf5  0-1

[Event "ECC"]
[Site "Halkidiki GRE"]
[Date "2002.09.22"]
[Round "1"]
[White "Boe,M"]
[Black "Relange,E"]
[Result "1/2-1/2"]
[WhiteElo "2390"]
[BlackElo "2494"]

1.e4 c5 2.c3 Nf6 3.e5 Nd5 4.d4 cxd4 5.Nf3 Nc6 6.cxd4 d6 7.Nc3 dxe5 8.dxe5 Nxc3
9.Qxd8+ Nxd8 10.bxc3 Bd7 11.Be3 g6 12.Nd4 Rc8 13.Kd2 Bg7 14.f4 a6 15.a4 f6
16.exf6 Bxf6 17.h4 Ne6  1/2-1/2

[Event "VI Pablo Gorbea Mem"]
[Site "Madrid ESP"]
[Date "2002.09.22"]
[Round "7"]
[White "Perez,Lu"]
[Black "Felgaer,R"]
[Result "0-1"]
[WhiteElo "2384"]
[BlackElo "2509"]

1.e4 c5 2.c3 Nf6 3.e5 Nd5 4.d4 cxd4 5.Nf3 Nc6 6.Bc4 Nb6 7.Bb3 g6 8.cxd4 Bg7
9.d5 Nxe5 10.Nxe5 Bxe5 11.Bh6 e6 12.Qd2 Qh4 13.Nc3 f6 14.dxe6 dxe6 15.Rd1 Bd7
16.Be3 O-O-O 17.Qe2 Kb8 18.h3 Bc6 19.O-O Rxd1 20.Rxd1 Re8 21.Bc5 Qf4 22.g3 Qf5
23.Bd6+ Bxd6 24.Rxd6 Qxh3 25.Rxc6 bxc6 26.Qf3 Nd5 27.Ne4 Qf5 28.Qe2 Qe5  0-1

[Event "ECC"]
[Site "Halkidiki GRE"]
[Date "2002.09.26"]
[Round "5"]
[White "Boe,M"]
[Black "Horvath,Ad"]
[Result "1/2-1/2"]
[WhiteElo "2390"]
[BlackElo "2476"]

1.e4 c5 2.c3 Nf6 3.e5 Nd5 4.d4 cxd4 5.Qxd4 e6 6.Nf3 Nc6 7.Qe4 f5 8.Qe2 Qc7
9.g3 b5 10.Bg2 a5 11.O-O Ba6 12.Rd1 Be7 13.Nd4 Nxd4 14.Rxd4 O-O 15.Nd2 Rac8
16.Nf3 Qb6 17.Bg5 b4 18.Qd2 bxc3 19.bxc3 Bc5 20.Rxd5 exd5 21.Qxd5+ Kh8 22.Nd4 Qb2
23.Rd1 Qxc3 24.Qxd7 Bxd4 25.Qxd4 Qxd4 26.Rxd4 h6 27.Bd2 Rfd8 28.Rd6 Rxd6
29.exd6 Rc2 30.Be3 Bb5 31.Bd5 Bd7 32.Kg2 Bc6 33.Kh3 Kh7 34.Be6 Kg6 35.d7 Bxd7
36.Bxd7 Rxa2 37.Kh4 a4 38.Be8+ Kh7 39.Kh5 a3 40.Bc5 Ra1 41.Bg6+ Kh8 42.Bxf5 a2
43.Bd4 Rd1 44.Bc3 Rc1 45.Bb2 Rf1 46.f4 Rh1 47.h4 Rb1 48.Bd4 Rd1 49.Bc3 Rc1
50.Bd4 Rg1 51.g4 Rd1 52.Bc3 Rc1 53.Bd4 Rc4 54.Be5 Rc5 55.Bd4 Kg8 56.Kg6 Rc6+
57.Kh5 Rc5 58.Kg6 Rc6+ 59.Kh5 Rc5 60.Kg6 Rc6+  1/2-1/2

[Event "ECC"]
[Site "Halkidiki GRE"]
[Date "2002.09.27"]
[Round "6"]
[White "Karlsson,A"]
[Black "Gustafsson,J"]
[Result "1/2-1/2"]
[WhiteElo "2347"]
[BlackElo "2542"]

1.e4 c5 2.c3 Nf6 3.e5 Nd5 4.d4 cxd4 5.Nf3 Nc6 6.Bc4 Nb6 7.Bb3 d5 8.exd6 Qxd6
9.cxd4 Be6 10.O-O Bd5 11.Nc3 e6 12.Nxd5 Nxd5 13.Ne5 Be7 14.Nxc6 bxc6 15.Qg4 Bf6
16.Bg5 Bxg5 17.Qxg5 O-O 18.Rac1 Rab8 19.Rc5 Rfd8 20.Bxd5 cxd5 21.Qc1 Qa6
22.a3 Rb3 23.Rd1 h6 24.Rd2 Rdb8 25.h3 Qb6 26.Rc6 Qb5 27.Rc5 Qb6 28.Rc6 Qd8
29.Rdc2 Qf6 30.Qd2 Qg6 31.R6c3 Rxc3 32.Qxc3 a5 33.b3 Qf6 34.b4 axb4 35.axb4 Qe7
36.Rb2 Qd7 37.Qg3 Rb6 38.Qd3 Qc6 39.Rb1 Rb5 40.Kf1 Qb7 41.Qa3 Qb6 42.Qc3 Qb8
43.Kg1 Rb7 44.Qb2 Rb5 45.Qc3 Qb7 46.h4 h5 47.g3 g6 48.Rb3 Kf8 49.Qc1 Kg7
50.Qc3 Kf6 51.Qb2 Kg7 52.Qc3 Qe7 53.Kg2 Qd7 54.Qb2 Qe8 55.Qc3 Rb7 56.Rb2 Qa4
57.Rb3 Rb6 58.Qb2 Qb5 59.Kf3 Rc6 60.Rc3 Rb6 61.Rb3 Qc4 62.b5 e5 63.Rb4 Qd3+
64.Kg2 e4 65.Rb3 Qd1 66.Ra3 Qg4  1/2-1/2

[Event "ECC"]
[Site "Halkidiki GRE"]
[Date "2002.09.27"]
[Round "6"]
[White "Kajan,M"]
[Black "Schartz,A"]
[Result "1-0"]
[WhiteElo "2099"]
[BlackElo "2196"]

1.e4 c5 2.c3 Nf6 3.e5 Nd5 4.d4 cxd4 5.Nf3 e6 6.cxd4 b6 7.Bc4 Bb7 8.Bd2 d6
9.Nc3 Nxc3 10.Bxc3 Nd7 11.d5 exd5 12.Bxd5 Bxd5 13.Qxd5 dxe5 14.O-O-O f6 15.Rhe1 Rc8
16.Rd2 Qc7 17.Kb1 Qc6 18.Qd3 Be7 19.Nh4 Nc5 20.Qh3 Ne4 21.Rc2 O-O 22.Nf5 Bc5
23.Qg4 Nxc3+ 24.Rxc3 Qb7 25.Rec1 a5 26.Nd6 f5 27.Qc4+  1-0

[Event "11th Monarch Assurance"]
[Site "Port Erin IOM"]
[Date "2002.09.28"]
[Round "1"]
[White "Brady,S"]
[Black "Felgaer,R"]
[Result "1/2-1/2"]
[WhiteElo "2353"]
[BlackElo "2509"]

1.e4 c5 2.c3 Nf6 3.e5 Nd5 4.d4 cxd4 5.Nf3 Nc6 6.Bc4 Nb6 7.Bb3 g6 8.cxd4 Bg7
9.d5 Nxe5 10.Nxe5 Bxe5 11.Bh6 d6 12.Nc3 f5 13.O-O Nd7 14.Re1 Nf6 15.Rxe5 dxe5
16.Bg7 Rg8 17.Bxf6 exf6 18.d6 Rg7 19.Qd5 Kf8 20.Nb5 a5 21.Nc7  1/2-1/2

[Event "European Seniors"]
[Site "Saint Vincent ITA"]
[Date "2002.09.28"]
[Round "1"]
[White "Trifunovic,Du"]
[Black "Chernikov,O"]
[Result "0-1"]
[WhiteElo "2002"]
[BlackElo "2464"]

1.e4 c5 2.c3 Nf6 3.e5 Nd5 4.d4 cxd4 5.cxd4 e6 6.Nc3 Nxc3 7.bxc3 Qc7 8.Qb3 b6
9.Be2 Bb7 10.Bf3 d6 11.Bf4 Bc6 12.exd6 Bxd6 13.Bxd6 Qxd6 14.Bxc6+ Nxc6 15.Nf3 O-O
16.O-O Rac8 17.Rac1 Rfd8 18.Rfe1 Qf4 19.Qb2 h6 20.h3 Rd5 21.c4 Nxd4 22.cxd5 Rxc1
23.Rxc1 Qxc1+ 24.Qxc1 Ne2+ 25.Kf1 Nxc1 26.dxe6 fxe6 27.Nd4 Nxa2 28.Nxe6 Nc3
29.Ke1 Kf7 30.Nd8+ Ke8 31.Nc6 Nb5 32.Kd2 Kd7 33.Ne5+ Ke6 34.f4 Nd6 35.g4 Kd5
36.Kd3 a5 37.h4 b5 38.h5 a4 39.Ng6 a3 40.Kc3 Ke4 41.Kb3 Kf3 42.g5 Kg4 43.Kxa3 Kxh5
44.Ne5 hxg5 45.fxg5 Nc4+  0-1

[Event "ch-PER"]
[Site "Lima PER"]
[Date "2002.10.01"]
[Round "1"]
[White "Robbiano Taboada,C"]
[Black "Soto,Jo"]
[Result "1/2-1/2"]
[WhiteElo "2252"]
[BlackElo "2412"]

1.e4 c5 2.c3 Nf6 3.e5 Nd5 4.d4 cxd4 5.Qxd4 Nc7 6.Nf3 Nc6 7.Qe4 d5 8.exd6 Qxd6
9.Bf4 Qe6 10.Qxe6 Nxe6 11.Be3 g6 12.Nbd2 Bg7 13.Bc4 O-O 14.O-O Na5 15.Be2 b6
16.Rad1 Bb7 17.Nb3 Nc6 18.Rd7 Bc8 19.Rd2 Rd8 20.Rfd1 Rxd2 21.Rxd2 Nf8 22.Nbd4  1/2-1/2

[Event "ch-PER"]
[Site "Lima PER"]
[Date "2002.10.03"]
[Round "4"]
[White "Nina,M"]
[Black "Esplana,C"]
[Result "0-1"]
[WhiteElo "2238"]
[BlackElo "2335"]

1.e4 c5 2.c3 Nf6 3.e5 Nd5 4.d4 cxd4 5.Nf3 e6 6.Qxd4 Nc6 7.Qe4 f5 8.Qe2 Qc7
9.h4 b5 10.g3 a5 11.Bg2 Ba6 12.O-O Be7 13.Re1 O-O 14.Nbd2 b4 15.c4 a4 16.Qd1 Nb6
17.b3 Bb7 18.Rb1 axb3 19.axb3 Ra2 20.Bb2 Bc5 21.Ng5 h6 22.Nh3 Nc8 23.Nf4 N8e7
24.Nf3 Rfa8 25.Re2 Nb8 26.Rd2 Be4 27.Rc1 Nec6 28.h5 R8a7 29.Ng6 Qb7 30.Nfh4 Bxg2
31.Nxg2 Ne7 32.N6f4 Nbc6 33.Nh4 Kf7 34.Nf3 Na5 35.Nd3 Bb6 36.Kg2 Nac6 37.Kg1 Kg8
38.Nf4 Bc5 39.Qe2 Na5 40.Qd1 Qe4 41.Nd3 Nb7 42.Qe2 Nc6 43.Rcd1 Qxe2 44.Rxe2 Kf7
45.Kf1 Ke8 46.Red2 Bb6 47.Nc1 Nc5 48.Nxa2 Rxa2 49.Bd4 Nxd4 50.Rxa2 Nxf3 51.Ra8+ Bd8
52.Rb8 Nxb3 53.Rxb4 Nc5 54.Rb5 Ne4 55.Ra1 Nfd2+ 56.Kg2 Nxc4 57.Ra8 Ng5 58.f4 Nf7
59.Rb7 Na5 60.Raa7 Nxb7 61.Rxb7 Be7 62.Kf3 d6 63.Rb8+ Nd8 64.exd6 Bxd6 65.Ra8 Be7
66.Rc8 Kd7 67.Ra8 Nc6 68.Ra1 Bf6 69.Rd1+ Ke7 70.Ke3 e5 71.Rc1 exf4+ 72.gxf4 Nd4
73.Rc7+ Ke8 74.Rb7 Ne6 75.Rb5 Nd4 76.Rb7 Nc6 77.Kf3 Ne7 78.Ra7 Kf7 79.Ra6 Bd4
80.Rd6 Bc5 81.Ra6 Ke8 82.Re6 Kd7 83.Re2 Bd6 84.Rg2 Ke6 85.Rxg7 Kf6 86.Rg1 Kf7
87.Rd1 Ke6 88.Rg1 Kf7 89.Rd1 Ke6 90.Rg1 Kf7 91.Rd1 Bb4 92.Rd4 Bc3 93.Rd7 Bf6
94.Rd6 Ng8 95.Rd5 Ke6 96.Ra5 Be7 97.Re5+ Kf6 98.Re2 Bd6 99.Rd2 Ke6 100.Re2+ Kf7
101.Rd2 Bf8 102.Rd5 Ke6 103.Re5+ Kf6 104.Re8 Kf7 105.Re5 Ne7 106.Re2 Nc6
107.Rd2 Ke6 108.Re2+ Kd7 109.Rg2 Nd4+ 110.Ke3 Ne6 111.Rd2+ Bd6 112.Rd5 Ng7
113.Kf3 Ke6 114.Rd1 Ke7 115.Re1+ Ne6 116.Rg1 Bxf4 117.Rg6 Bg5 118.Rg8 Nf4
119.Rg7+ Kf6 120.Ra7 Nxh5 121.Ra6+ Kf7 122.Ra5 Kg6 123.Kg2 Nf6 124.Kh3 Bf4
125.Kh4 Bd2 126.Re5 Bg5+ 127.Kh3 f4 128.Kg2 Ng4 129.Ra5 Ne3+ 130.Kf3 Nf5
131.Ke4 Nh4 132.Ra3 Kh5 133.Rh3 Kg4 134.Rh1 f3 135.Rg1+ Kh3  0-1

[Event "EuYCh G18"]
[Site "Peniscola ESP"]
[Date "2002.10.03"]
[Round "5"]
[White "Agaeva,S"]
[Black "Partac,E"]
[Result "0-1"]
[WhiteElo "2123"]
[BlackElo "2206"]

1.e4 c5 2.c3 Nf6 3.e5 Nd5 4.d4 cxd4 5.Nf3 e6 6.cxd4 d6 7.Nc3 Nxc3 8.bxc3 Nc6
9.exd6 Bxd6 10.Bd3 h6 11.O-O O-O 12.Qe2 Qc7 13.Re1 Rd8 14.g3 Qa5 15.Bd2 Qh5
16.Qe4 f5 17.Qe3 Bd7 18.Nh4 e5 19.d5 Ne7 20.c4 b6 21.Bc3 Re8 22.Qd2 g5 23.Be2 Qf7
24.Nf3 Ng6 25.Bf1 g4 26.Nh4 Nxh4 27.gxh4 Qh5  0-1

[Event "6th Itau Cup"]
[Site "Sao Paulo BRA"]
[Date "2002.10.05"]
[Round "9"]
[White "Gomez Baillo,J"]
[Black "Coelho,L"]
[Result "1/2-1/2"]
[WhiteElo "2456"]
[BlackElo "2352"]

1.e4 c5 2.c3 Nf6 3.e5 Nd5 4.Nf3 Nc6 5.d4 cxd4 6.Bc4 Nb6 7.Bb3 d5 8.exd6 Qxd6
9.Na3 dxc3 10.Qe2 cxb2 11.Bxb2 Qb4+ 12.Nd2 Bg4 13.f3 Bf5 14.Nb5 O-O-O 15.Rc1 Rxd2
16.Nxa7+ Kd7 17.Qxd2+ Qxd2+ 18.Kxd2 Nxa7 19.Rhd1 e6 20.Ke2+ Bd6 21.g4 Bg6
22.Bd4 Nbc8 23.Bxg7 Rg8 24.Be5 Nc6 25.Bxd6 Nxd6 26.h4 h5 27.Rc5 Rh8 28.gxh5 Bxh5
29.Ba4 Bg6 30.Bxc6+ bxc6 31.Rd4 f6 32.a4 e5 33.Rg4 Bf7 34.Rb4 Nf5 35.a5 Nd4+
36.Kf2 Rxh4 37.Ra4 Nxf3 38.Rxh4 Nxh4 39.a6 Kc7 40.a7 Kb7 41.Rxc6 Bd5 42.Rxf6 Kxa7
43.Kg3  1/2-1/2

[Event "EuYCh G18"]
[Site "Peniscola ESP"]
[Date "2002.10.06"]
[Round "7"]
[White "Agaeva,S"]
[Black "Orel,K"]
[Result "1-0"]
[WhiteElo "2123"]
[BlackElo "2026"]

1.e4 c5 2.c3 Nf6 3.e5 Nd5 4.d4 cxd4 5.Nf3 Nc6 6.Bc4 e6 7.cxd4 d6 8.O-O Qc7
9.Qe2 Be7 10.Rd1 Bd7 11.Bxd5 exd5 12.Nc3 Be6 13.Nb5 Qd7 14.exd6 Bxd6 15.Nxd6+ Qxd6
16.Ng5 Nd8 17.Qb5+ Qd7 18.Qd3 h6 19.Nxe6 Nxe6 20.Qg3 Qc7 21.Qb3 Rb8 22.Qa4+ Qc6
23.Qxa7 O-O 24.Qa3 Qc2 25.Be3 Ra8 26.Qc3 Qxc3 27.bxc3 Rfc8 28.Bd2 Ra4 29.Rdb1 Rca8
30.Rb2 R8a7 31.Kf1 g5 32.Ke2 Kf8 33.Kd3 Ke7 34.g3 f5 35.Rab1 Nd8 36.Re1+ Kf6
37.Rb5 R4a5 38.Rb6+ Nc6 39.Reb1 Rxa2 40.Rxb7 R7a6 41.Rd7 Ke6 42.Rh7 Kf6 43.Rxh6+ Kg7
44.Rh5 Kg6 45.Rxg5+ Kf6 46.Rh5 Kg6 47.Rh6+ Kg7 48.Rb7+ Kg8 49.Rh5  1-0

[Event "EuYCh B16"]
[Site "Peniscola ESP"]
[Date "2002.10.08"]
[Round "9"]
[White "Murariu,A"]
[Black "Shytaj,L"]
[Result "1-0"]
[WhiteElo "2401"]
[BlackElo "2216"]

1.e4 c5 2.c3 Nf6 3.e5 Nd5 4.d4 cxd4 5.Nf3 Nc6 6.Bc4 e6 7.cxd4 d6 8.O-O Be7
9.exd6 Bxd6 10.Nc3 O-O 11.Re1 Nxc3 12.bxc3 Ne7 13.Qd3 Ng6 14.Bb3 Re8 15.Bc2 h6
16.h4 f5 17.g3 Bd7 18.h5 Nf8 19.Ne5 Bxe5 20.Rxe5 Bc6 21.Bb3 Qf6 22.Rxf5 Qe7
23.a4 Qd7 24.Re5 Qf7 25.Bc2 Qf3 26.Qxf3 Bxf3 27.Bb3 Bg4 28.Ba3 Nd7 29.Re3 Nf6
30.Rae1 Bxh5 31.Rxe6 Kh7 32.Rxe8 Bxe8 33.Re7 Bc6 34.c4 Re8 35.d5 Bd7 36.a5 Kg8
37.f3 Rxe7 38.Bxe7 Kf7 39.Bd6 Ke8 40.Kf2 g5 41.Be5 Ng8 42.a6 bxa6 43.c5 Ne7
44.c6 Bf5 45.g4 Bd3 46.Bg7 Kf7 47.d6+  1-0